CHARACTERIZATION OF HIGH-AFFINITY 12(S)-HYDROXYEICOSATETRAENOIC ACID (12(S)-HETE) BINDING-SITES ON NORMAL HUMAN KERATINOCYTES
Eicosanoids are thought to play an important role in the pathogenesis of inflammatory skin diseases. The object of the present study was the detection and characterization of putative 12(S)-hydroxyeicosatetraenoic acid (12(S)-HETE) binding sites in normal human keratinocytes. Keratinocytes were obta...
Elmentve itt :
| Szerzők: | |
|---|---|
| Dokumentumtípus: | Cikk |
| Megjelent: |
1993
|
| Sorozat: | EPITHELIAL CELL BIOLOGY
2 No. 1 |
| Tárgyszavak: | |
| mtmt: | 1125202 |
| Online Access: | http://publicatio.bibl.u-szeged.hu/32090 |
| LEADER | 01964nab a2200229 i 4500 | ||
|---|---|---|---|
| 001 | publ32090 | ||
| 005 | 20250409130209.0 | ||
| 008 | 250409s1993 hu o 000 eng d | ||
| 022 | |a 0940-9912 | ||
| 024 | 7 | |a 1125202 |2 mtmt | |
| 040 | |a SZTE Publicatio Repozitórium |b hun | ||
| 041 | |a eng | ||
| 100 | 1 | |a Arenberger P. | |
| 245 | 1 | 0 | |a CHARACTERIZATION OF HIGH-AFFINITY 12(S)-HYDROXYEICOSATETRAENOIC ACID (12(S)-HETE) BINDING-SITES ON NORMAL HUMAN KERATINOCYTES |h [elektronikus dokumentum] / |c Arenberger P. |
| 260 | |c 1993 | ||
| 300 | |a 1-6 | ||
| 490 | 0 | |a EPITHELIAL CELL BIOLOGY |v 2 No. 1 | |
| 520 | 3 | |a Eicosanoids are thought to play an important role in the pathogenesis of inflammatory skin diseases. The object of the present study was the detection and characterization of putative 12(S)-hydroxyeicosatetraenoic acid (12(S)-HETE) binding sites in normal human keratinocytes. Keratinocytes were obtained from foreskin and dermatome-shaved normal human skin. Radioligand binding assays were performed with 12(S)-[H-3]HETE on cultured cells. Analysis of saturation curves suggested a one-site model for 12(S)-HETE binding with a K(D) of 3.84 +/- 0.18 nM and receptor number B(max) of 2.32 +/- 0.12 x 10(5) per cell. Ligand binding was reversible. The rank order of potency in competition for 12(S)-[H-3]HETE was 12(S)-HETE > 12(R)-HETE greater-than-or-equal-to leukotriene B4. Preincubation of cells with 12(S)-HETE (2 x 10(-6) M) resulted in down-regulation of the binding site by approximately 50%. The identification and characterization of specific 12(S)-HETE binding sites on normal human keratinocytes should enable further elucidation of the role of 12-HETE in cutaneous biology and in the pathophysiology of psoriasis and other inflammatory and hyperproliferative dermatoses. | |
| 650 | 4 | |a Klinikai orvostan | |
| 700 | 0 | 1 | |a Kemény Lajos |e aut |
| 700 | 0 | 1 | |a Ruzicka T. |e aut |
| 856 | 4 | 0 | |u http://publicatio.bibl.u-szeged.hu/32090/1/aok_klny_12_93.pdf |z Dokumentum-elérés |